| Tag |
First Indicator |
Second Indicator |
Subfields |
| LEADER |
00000cam a2200000 a 4500 |
| 001 |
in00001761851 |
| 005 |
20151025051824.0 |
| 008 |
990628s1999 ru b 000 0drusod |
| 010 |
|
|
|a 99221325
|
| 020 |
|
|
|a 5201133142
|
| 035 |
|
|
|a (OCoLC)ocm41320644
|
| 040 |
|
|
|a PIT
|c DLC
|d IQU
|d TXA
|d UtOrBLW
|
| 042 |
|
|
|a lccopycat
|
| 049 |
|
|
|a TXAM
|
| 050 |
0 |
0 |
|a PG3476.Z34
|b A6 1999
|
| 100 |
1 |
|
|a Zami︠a︡tin, Evgeniĭ Ivanovich,
|d 1884-1937.
|
| 245 |
1 |
0 |
|a I︠A︡ boi︠u︡sʹ :
|b literaturnai︠a︡ kritika, publit︠s︡istika, vospominanii︠a︡ /
|c Evgeniĭ Zami︠a︡tin ; [sost. i komment. A.I︠U︡. Galushkina].
|
| 246 |
3 |
0 |
|a Literaturnai︠a︡ kritika, publit︠s︡istika, vospominanii︠a︡
|
| 264 |
|
1 |
|a Moskva :
|b Nasledie,
|c 1999.
|
| 300 |
|
|
|a 341 pages ;
|c 23 cm.
|
| 336 |
|
|
|a text
|b txt
|2 rdacontent
|
| 337 |
|
|
|a unmediated
|b n
|2 rdamedia
|
| 338 |
|
|
|a volume
|b nc
|2 rdacarrier
|
| 504 |
|
|
|a Includes bibliographical references.
|
| 505 |
2 |
|
|a Avtobiografii -- Statʹi, ret︠s︡enzii, felʹetony, ėsse, vospominanii︠a︡ -- Prilozhenie 1. Iz nabroskov i chernovikov -- Prilozhenie 2. Otvety na ankety, intervʹi︠u︡, izlozhenie vystupleniĭ -- Prilozhenie 3. Tetradʹ primechaniĭ i mysleĭ Onufrii︠a︡ Zueva.
|
| 600 |
1 |
0 |
|a Zami︠a︡tin, Evgeniĭ Ivanovich,
|d 1884-1937.
|
| 650 |
|
0 |
|a Authors, Russian
|y 20th century
|v Biography.
|
| 650 |
|
0 |
|a Authors, Russian
|y 20th century
|v Correspondence.
|
| 700 |
1 |
|
|a Galushkin, A. I︠U︡.
|q (Aleksandr I︠U︡rʹevich)
|
| 948 |
|
|
|a cataloged
|b h
|c 2003/5/2
|d c
|e spoltoratski
|f 10:01:35 am
|
| 994 |
|
|
|a E0
|b TXA
|
| 999 |
|
|
|a MARS
|
| 999 |
f |
f |
|s 54216157-1b5e-3fcb-9038-898b5b8d13ba
|i 22d43eb4-6e27-3c76-a2c3-c2447621deb4
|t 0
|
| 952 |
f |
f |
|p normal
|a Texas A&M University
|b College Station
|c Sterling C. Evans Library
|d Evans: Library Stacks
|t 0
|e PG3476.Z34 A6 1999
|h Library of Congress classification
|i unmediated -- volume
|m A14830072979
|
| 998 |
f |
f |
|a PG3476.Z34 A6 1999
|t 0
|l Evans: Library Stacks
|